000 00710nam a2200205 4500
001 109159
003 ES-MaACL
005 20250728062607.0
007 t|
008 061121s1972 sp r ||||1| spa d
100 1 _aMiró y Ardevol, José.
_981626
245 1 3 _aUn centro de gestión agraria para la provincia de Gerona /
_cJosé Miró y Ardevol.
260 _aGerona :
_bCaja de Ahorros Provincial,
_c1972.
300 _a97 f., 3 lám. :
_bil. ;
_c30 cm.
490 1 _aMonografías ;
_v4
710 2 _aCaja de Ahorros Provincial (Gerona)
_92315
830 0 0 _aMonografías (Centro de Estudios Benaventanos "Ledo del Pozo")
_v4
_9177262
852 _aES-MaACL
_jC-53261
_bR.86099
999 _c109159
_d109159